000 02143nam0a2200337 4500
001 RU\NLR\BIBL_A\022591039
005 20260420051300.0
010 _a978-59293-3327-9
_920
021 _aRU
_bКН-П-25-032410
_9КН-П-25-3201
035 _a(NLR Aleph) 022591039
090 _a13679370
_c13679370
100 _a20250724d2024 k y0rusy50 ca
101 0 _arus
102 _aRU
105 _aa z 000yy
181 0 _ai
_baxxe
182 0 _an
200 1 _aРегиональные СМИ: пути взаимодействия с аудиторией
_eматериалы Всероссийской научно-практической конференции, 19 декабря 2024 г., г. Чита
_fМинистерство науки и высшего образования Российской Федерации, Забайкальский государственный университет
_gредакционная коллегия: Ю. В. Толстокулакова (ответственный редактор) [и др.]
203 _aТекст
_bвизуальный
_cнепосредственный
210 _aЧита
_cЗабГУ
_d2024
215 _a163 с.
_d21
320 _aБиблиогр. в конце ст.
606 1 _aРегиональные средства массовой информации
_jСъезды, совещания и т.п.
_yРоссийская Федерация
_92308899
_3RU\NLR\AUTH\6601607785
686 1 _aЧ600.4(2Р)я431
702 1 _aТолстокулакова
_bЮ. В.
_gЮлия Валерьевна
_4340
711 1 2 _a"Региональные СМИ: пути взаимодействия с аудиторией", всероссийская научно-практическая конференция
_eЧита
_f2024
_92674382
_3RU\NLR\AUTH\880630188
712 0 2 _4475
_aЗабайкальский государственный университет
_cЧита
_9295125
_3RU\NLR\AUTH\8810203600
942 _cBOOK
980 _aNB